000 00957naa a22002657a 4500
001 BR7300753
003 BR-BrBNA
005 20240918173441.0
007 ta
008 230509b bl.||||| |||| 00| 0 por d
040 _aBR-BrBNA
_bpor
_cBiblioteca Nacional de Agricultura
041 _a(Pt)
072 _aP12
090 _aP12 BR7300753
100 1 _aMez, B.
111 1 _a2. Seminario Nacional de Irrigacao
_cPorto Alegre, RS (Brazil)
_d3 Nov 1970
245 1 _aEstudo sobre o calculo de uma instalacao de irrigacao por aspersao
260 3 _aPorto Alegre, RS (Brasil):
_c1971.
500 _aAnais do 2. Seminario Nacional de Irrigacao Porto Alegre, RS (Brasil): 1971. p. 183-189 (BR7300753-AM)P12
650 _aDRENAGEM
650 _aIRRIGACAO POR ASPERSAO
773 0 _tAnais do 2. Seminario Nacional de Irrigacao
_wP12 BR7300753
_gPorto Alegre, RS (Brasil), 1971. p. 183-189
909 _a202404
_bLucia
_c55
_dLucia Elande
942 _cAM
_2AGRIS
999 _c304670
_d304670